[Event "TCh-CHN Division A 2014"]
[Site "Jiaxing CHN"]
[Date "2014.09.12"]
[Round "14.2"]
[White "Malakhov, Vladimir"]
[Black "Lou, Yiping"]
[Result "1-0"]
[WhiteTitle "GM"]
[BlackTitle "IM"]
[WhiteElo "2708"]
[BlackElo "2461"]
[WhiteTeam "Tianjing"]
[BlackTeam "Shanghai"]
[WhiteFideId "4120787"]
[BlackFideId "8603928"]
[EventDate "2014.04.12"]

1. c4 c5 2. Nf3 Nc6 3. d4 cxd4 4. Nxd4 Nf6 5. Nc3 e6 6. a3 Be7 7. e4 O-O 8. Nf3
Qc7 9. Be2 b6 10. O-O Bb7 11. Bg5 h6 12. Bh4 Rad8 13. Re1 d6 14. Bf1 Nh5 15. Nd5
exd5 16. exd5 Bf6 17. dxc6 Bxc6 18. Bxf6 Nxf6 19. Rc1 Bxf3 20. Qxf3 Rfe8 21.
Red1 a5 22. Qf4 Qc5 23. Rd4 Qe5 24. Rcd1 Qxf4 25. Rxf4 Ne4 26. Rf5 Re6 27. g3
Rf6 28. Rxf6 Nxf6 29. Bg2 Kf8 30. Kf1 Ne8 31. Ke2 Nc7 32. Kd3 Ke7 33. Kc3 Kd7
34. b4 axb4+ 35. axb4 Re8 36. Kd2 Kc8 37. Bc6 Re5 38. f4 Re7 39. Ra1 Kb8 40. Ra3
f6 41. h4 Re6 42. h5 Re7 43. Rd3 Na6 44. Rb3 Kc7 45. Bb5 Nb8 46. Re3 Rxe3 47.
Kxe3 f5 48. Kd4 Kd8 49. Kd5 Ke7 50. Ba4 Na6 51. b5 Nb4+ 52. Kd4 Na2 53. Kd3 d5
54. cxd5 Kd6 55. Kc4 Nc1 56. Bd1 Na2 57. Be2 Nc1 58. Bf1 1-0

[Event "TCh-CHN Division A 2014"]
[Site "Jiaxing CHN"]
[Date "2014.09.12"]
[Round "14.2"]
[White "Ju, Wenjun"]
[Black "Khotenashvili, Bela"]
[Result "1/2-1/2"]
[WhiteTitle "WGM"]
[BlackTitle "GM"]
[WhiteElo "2582"]
[BlackElo "2504"]
[WhiteTeam "Shanghai"]
[BlackTeam "Tianjing"]
[WhiteFideId "8603006"]
[BlackFideId "13602640"]
[EventDate "2014.04.12"]

1. d4 d5 2. c4 e6 3. Nf3 Nf6 4. g3 Be7 5. Bg2 O-O 6. Qc2 c5 7. dxc5 Qa5+ 8. Nc3
dxc4 9. O-O Qxc5 10. Be3 Qh5 11. Bg5 Nc6 12. Bxf6 Bxf6 13. Ne4 Qg6 14. Rfd1 Rb8
15. Nxf6+ Qxf6 16. Qxc4 e5 17. e3 Be6 18. Qa4 Rfd8 19. Nd2 Qe7 20. Nb3 h5 21.
Rxd8+ Rxd8 22. Na5 Rd2 23. Nxc6 bxc6 24. b3 c5 25. Qa5 Qd6 26. h4 c4 27. bxc4
Bxc4 28. Qxa7 g6 29. a4 Kg7 30. Qa5 Kh7 31. Qc3 Rd1+ 32. Kh2 Rxa1 33. Qxa1 Qd2
34. Kg1 Qa5 35. Bc6 Qc5 36. Bg2 Qa5 37. Bf1 Bb3 38. Bb5 Qb4 39. Qxe5 Bxa4 40.
Bxa4 Qxa4 41. Qd5 Qa1+ 42. Kg2 Qf6 43. f4 Kg8 44. Qa8+ Kg7 45. Qf3 Qb2+ 46. Kh3
f5 47. Qg2 Qb1 48. Kh2 Qe1 49. Qb2+ Kf7 50. Qb7+ Kf6 51. Qf3 Kg7 52. Kg2 Qd2+
53. Qf2 Qd5+ 54. Kh2 Kf7 55. Qe2 Qb3 56. e4 fxe4 57. Qxe4 Qb2+ 58. Qg2 Qb1 59.
Qe2 Qb3 60. Qf2 Qd3 61. Qb2 Qf3 62. Qg2 Qd3 63. Qf2 Kf6 64. Kg2 Qe4+ 65. Qf3
Qc2+ 66. Kh3 Qf5+ 67. Kg2 Qc2+ 68. Kh3 1/2-1/2

[Event "TCh-CHN Division A 2014"]
[Site "Jiaxing CHN"]
[Date "2014.09.12"]
[Round "14.2"]
[White "Zhang, Xiaowen"]
[Black "Ning, Chunhong"]
[Result "0-1"]
[WhiteTitle "WGM"]
[BlackTitle "WGM"]
[WhiteElo "2355"]
[BlackElo "2292"]
[WhiteTeam "Shanghai"]
[BlackTeam "Tianjing"]
[WhiteFideId "8603219"]
[BlackFideId "8600376"]
[EventDate "2014.04.12"]

1. e4 d5 2. exd5 Qxd5 3. Nc3 Qa5 4. d4 Nf6 5. Bc4 c6 6. Nf3 Bg4 7. h3 Bh5 8. Bd2
e6 9. Bb3 Qc7 10. Qe2 Bb4 11. a3 Bxc3 12. Bxc3 Nd5 13. g4 Nxc3 14. bxc3 Bg6 15.
h4 Qf4 16. Nd2 h5 17. Bxe6 Kd8 18. O-O-O fxe6 19. Qxe6 Bf7 20. Qe5 Qxe5 21. dxe5
hxg4 22. Rhg1 Be6 23. f4 Ke7 24. Ne4 Nd7 25. Nd6 Raf8 26. Rd4 b6 27. f5 Bxf5 28.
Nxf5+ Rxf5 29. Rdxg4 Nxe5 30. Rxg7+ Rf7 31. R1g5 Kf6 32. Rxf7+ Nxf7 33. Rg4 Nd6
34. Ra4 Rh7 35. Kb2 Ke5 36. Rg4 Nf5 37. Rg6 c5 38. a4 Nxh4 39. Rc6 Nf5 40. a5
Rb7 41. Kb3 Nd6 42. c4 Ke6 43. a6 Rh7 44. c3 Kd7 0-1

[Event "TCh-CHN Division A 2014"]
[Site "Jiaxing CHN"]
[Date "2014.09.12"]
[Round "14.3"]
[White "Lin, Chen"]
[Black "Wan, Yunguo"]
[Result "1/2-1/2"]
[WhiteTitle "IM"]
[BlackTitle "IM"]
[WhiteElo "2463"]
[BlackElo "2493"]
[WhiteTeam "Jiangsu"]
[BlackTeam "Hebei"]
[WhiteFideId "8602298"]
[BlackFideId "8603189"]
[EventDate "2014.04.12"]

1. e4 e5 2. Nf3 Nc6 3. Nc3 Nf6 4. d4 exd4 5. Nxd4 Bb4 6. Nxc6 bxc6 7. Bd3 O-O 8.
O-O Re8 9. Bg5 h6 10. Bh4 d6 11. f4 Qe7 12. Kh1 Qe6 13. Qf3 Qg4 14. Bxf6 Qxf3
15. Rxf3 gxf6 16. Ne2 Bc5 17. h3 Rb8 18. b3 a5 19. Raf1 Be6 20. c3 Kf8 21. Ng3
Ba7 22. Nh5 Ke7 23. f5 Bd7 24. Bc4 Rg8 25. a4 Rb6 26. Rd1 Bc8 27. Rdd3 Ba6 28.
Bxa6 Rxa6 29. c4 Bc5 30. Kh2 Rb6 31. Nf4 Ba3 32. g4 Bb2 33. Kg2 Be5 34. Kf2 Rgb8
35. Ne2 Rh8 36. Nf4 Rb4 37. Ke2 Rhb8 38. Nh5 d5 39. exd5 cxd5 40. cxd5 Kd6 41.
Kd2 Re4 42. Ng3 Rd4 43. Rxd4 Bxd4 44. Ne2 Be5 45. Nc3 h5 46. gxh5 Rh8 47. Nd1
Kxd5 48. Kd3 Kc5 49. Ne3 Rxh5 50. Nc4 Kb4 51. Nxe5 fxe5 52. Ke4 f6 53. Kd5 Rh4
54. Ke6 e4 55. Re3 Kc5 56. Kxf6 Kd4 57. Re1 Rxh3 58. Ke7 Rxb3 59. f6 Rf3 60. f7
e3 61. Rd1+ Ke4 62. f8=Q Rxf8 63. Kxf8 e2 64. Rd7 c5 65. Re7+ Kd3 66. Rd7+ Kc3
67. Re7 Kd2 68. Rd7+ Kc2 69. Re7 Kd2 70. Rd7+ Ke1 71. Rc7 Kd2 72. Rd7+ Kc2 1/2-1/2

[Event "TCh-CHN Division A 2014"]
[Site "Jiaxing CHN"]
[Date "2014.09.12"]
[Round "14.3"]
[White "Yu, Ruiyuan"]
[Black "Yang, Kaiqi"]
[Result "1-0"]
[WhiteTitle "GM"]
[BlackTitle "IM"]
[WhiteElo "2552"]
[BlackElo "2351"]
[WhiteTeam "Jiangsu"]
[BlackTeam "Hebei"]
[WhiteFideId "8603090"]
[BlackFideId "8604398"]
[EventDate "2014.04.12"]

1. e4 c5 2. Nf3 Nc6 3. d4 cxd4 4. Nxd4 e6 5. Nc3 Qc7 6. Be2 a6 7. O-O Nf6 8. Be3
Be7 9. f4 d6 10. Qe1 O-O 11. Qg3 Nxd4 12. Bxd4 b5 13. Bd3 Bb7 14. Rae1 b4 15.
Nd1 e5 16. fxe5 Nh5 17. Qh3 dxe5 18. Qxh5 exd4 19. e5 g6 20. Qh6 f5 21. exf6
Bxf6 22. Nf2 Bg7 23. Qh4 Rae8 24. Rxe8 Rxe8 25. Ng4 Qc6 26. Rf3 Rf8 27. Rg3 Qe6
28. h3 Qe1+ 29. Kh2 h5 30. Bxg6 Rf1 31. Nh6+ Kh8 32. Nf7+ Kg8 33. Qd8+ Bf8 34.
Bxh5+ Kh7 35. Bg6+ Kg8 36. Bh7+ Kxf7 37. Bg8# 1-0

[Event "TCh-CHN Division A 2014"]
[Site "Jiaxing CHN"]
[Date "2014.09.12"]
[Round "14.3"]
[White "Xiu, Deshun"]
[Black "Bu, Xiangzhi"]
[Result "1/2-1/2"]
[WhiteTitle "GM"]
[BlackTitle "GM"]
[WhiteElo "2553"]
[BlackElo "2707"]
[WhiteTeam "Beijing"]
[BlackTeam "Shandong"]
[WhiteFideId "8603693"]
[BlackFideId "8601445"]
[EventDate "2014.04.12"]

1. d4 Nf6 2. c4 c5 3. d5 e5 4. Nc3 d6 5. e4 Be7 6. Nf3 O-O 7. Bd3 Ne8 8. h3 Nd7
9. a3 g6 10. g4 Ng7 11. Rg1 Kh8 12. Qe2 Nf6 13. Nh2 Ng8 14. f4 exf4 15. Bxf4 Bg5
16. Qd2 Bxf4 17. Qxf4 Qf6 18. Qg3 Bd7 19. Nf3 Qe7 20. Kf1 f6 21. Kg2 Nh6 22. Qh4
Ng8 23. b4 b6 24. Rab1 Rac8 25. e5 cxb4 26. Bxg6 h6 27. Rxb4 fxe5 28. Bd3 Rf4
29. Ne4 Bxg4 30. hxg4 Qxh4 31. Nxh4 Rxg4+ 32. Kh3 Rxg1 33. Nxd6 Nh5 34. Nxc8
Rg3+ 35. Kh2 Rxd3 36. Ng6+ Kg7 37. Nxe5 Re3 38. Ng4 Rxa3 39. d6 Ngf6 40. Ne5
Ra2+ 41. Kg1 Ra1+ 42. Kh2 Ra2+ 43. Kg1 Ne4 44. d7 Rd2 45. Nxa7 Nf4 46. Rb2 Rxb2
47. d8=Q Rb1+ 48. Kh2 Rb2+ 49. Kg1 Rg2+ 50. Kf1 Rf2+ 51. Ke1 Ng2+ 52. Kd1 Ne3+
53. Ke1 Ng2+ 54. Kd1 Nc3+ 55. Kc1 Na2+ 56. Kb1 Nc3+ 57. Kc1 Na2+ 1/2-1/2

[Event "TCh-CHN Division A 2014"]
[Site "Jiaxing CHN"]
[Date "2014.09.12"]
[Round "14.3"]
[White "Yu, Yangyi"]
[Black "Wen, Yang"]
[Result "1-0"]
[WhiteTitle "GM"]
[BlackTitle "GM"]
[WhiteElo "2705"]
[BlackElo "2586"]
[WhiteTeam "Beijing"]
[BlackTeam "Shandong"]
[WhiteFideId "8603820"]
[BlackFideId "8602956"]
[EventDate "2014.04.12"]

1. e4 e5 2. Nf3 Nc6 3. Bb5 Nf6 4. d3 Bc5 5. Bxc6 dxc6 6. Nbd2 Bg4 7. Nb3 Bd6 8.
h3 Bh5 9. Bd2 b6 10. g4 Bg6 11. Nh4 Qd7 12. Qf3 a5 13. Bg5 Ng8 14. Nf5 f6 15.
Be3 a4 16. Nd2 Bxf5 17. exf5 a3 18. b3 Bb4 19. O-O-O Bc3 20. Ne4 Bb2+ 21. Kb1
O-O-O 22. g5 Rf8 23. Rdg1 Ne7 24. gxf6 gxf6 25. Bh6 Rf7 26. Rg7 Rhf8 27. Rxh7
Rxh7 28. Bxf8 Qxf5 29. Qxf5+ Nxf5 30. Bb4 Rh6 31. Bd2 Rg6 32. c3 Nh4 33. Kc2 Kd7
34. b4 Ke6 35. f4 exf4 36. Bxf4 Rg2+ 37. Kb3 f5 38. Ng3 Kd7 39. Nh5 Rg6 40. Rf1
Ng2 41. Bd2 Rd6 42. Kc2 Re6 43. Nf4 Nxf4 44. Bxf4 c5 45. bxc5 Rc6 46. Be3 Ke6
47. h4 bxc5 48. h5 c4 49. d4 Rd6 50. h6 Rd7 51. Rg1 Kf6 52. Bf4 Rh7 53. d5 Kf7
54. Rg2 Ba1 55. Rg3 Bb2 56. Rg1 Kf8 57. Rg6 Rf7 58. Rc6 Re7 59. d6 Re6 60. d7 1-0

[Event "TCh-CHN Division A 2014"]
[Site "Jiaxing CHN"]
[Date "2014.09.12"]
[Round "14.4"]
[White "Tan, Zhongyi"]
[Black "Liu, Manli CHN"]
[Result "1-0"]
[WhiteTitle "WGM"]
[WhiteElo "2465"]
[BlackElo "1988"]
[WhiteTeam "Chongqing"]
[BlackTeam "Guangdong"]
[WhiteFideId "8603642"]
[BlackFideId "8608121"]
[EventDate "2014.04.12"]

1. d4 Nf6 2. c4 e6 3. Nc3 d5 4. cxd5 exd5 5. Bg5 Be7 6. e3 c6 7. Bd3 Nbd7 8. Qc2
O-O 9. Nf3 Re8 10. O-O h6 11. Bf4 Nf8 12. h3 Bd6 13. Bxd6 Qxd6 14. Rab1 b6 15.
b4 Ne6 16. Ne5 Bd7 17. Ne2 Rec8 18. Nxd7 Nxd7 19. Rfc1 Rc7 20. Bh7+ Kh8 21. Bf5
Ndf8 22. Qa4 g6 23. Bxe6 Nxe6 24. Qa6 Kg7 25. Rc2 Rd8 26. Qa4 Rdc8 27. Rbc1 f5
28. b5 cxb5 29. Rxc7+ Rxc7 30. Rxc7+ Qxc7 31. Qxb5 Qd6 32. g3 Nc7 33. Qa4 a6 34.
Nf4 g5 35. Nd3 Kf6 36. Ne5 Ke7 37. Qc2 f4 38. exf4 gxf4 39. Qh7+ Ke8 40. gxf4
Nb5 41. Qg8+ Ke7 42. Qg7+ Ke8 43. f5 Nxd4 44. f6 Ne6 45. f7+ Kd8 46. f8=Q+ 1-0

[Event "TCh-CHN Division A 2014"]
[Site "Jiaxing CHN"]
[Date "2014.09.12"]
[Round "14.4"]
[White "Xu, Yinglun"]
[Black "Zhou, Weiqi"]
[Result "0-1"]
[BlackTitle "GM"]
[WhiteElo "2410"]
[BlackElo "2614"]
[WhiteTeam "Guangdong"]
[BlackTeam "Chongqing"]
[WhiteFideId "8604940"]
[BlackFideId "8601674"]
[EventDate "2014.04.12"]

1. d4 d5 2. c4 dxc4 3. Nf3 c6 4. e3 Be6 5. a4 Nf6 6. Be2 g6 7. O-O Bg7 8. Na3
O-O 9. Nxc4 Nbd7 10. b3 Ne4 11. Bb2 Bd5 12. Qc2 f5 13. Rfd1 e6 14. Nfe5 Nxe5 15.
dxe5 Qh4 16. Bf1 f4 17. f3 fxe3 18. Nxe3 Ng5 19. Be2 Nf7 20. g3 Qb4 21. Nxd5
cxd5 22. Rd4 Qb6 23. f4 Rfc8 24. Qd3 a5 25. Kg2 Bf8 26. Qd1 Rc7 27. Rc1 Rac8 28.
Rd3 Bb4 29. Bd4 Rxc1 30. Bxb6 Rxd1 31. Bxd1 Kf8 32. Bd4 Ke7 33. Bb2 Nd8 34. g4
Nf7 35. Rh3 h6 36. Rd3 b6 37. h4 h5 38. f5 gxf5 39. gxf5 exf5 40. Rxd5 Ke6 41.
Rd3 Nxe5 42. Re3 Bd6 43. Bxh5 Rg8+ 44. Kf1 f4 45. Re2 Rg3 46. Bxe5 Bxe5 47. Bf7+
Kf6 48. Bd5 Rh3 49. Kg2 Rxh4 50. Rc2 Bd4 51. Bf3 Rh8 52. Rc4 Ke5 53. b4 Rg8+ 54.
Kf1 Rg1+ 55. Ke2 Ra1 56. bxa5 Ra2+ 57. Ke1 bxa5 58. Bc6 Ra3 59. Bb5 f3 60. Rc1
Kf4 61. Rd1 Bc3+ 62. Kf1 Kg3 63. Kg1 Bd4+ 64. Kf1 Ra2 65. Ke1 Bc3+ 66. Kf1 Rh2 0-1

[Event "TCh-CHN Division A 2014"]
[Site "Jiaxing CHN"]
[Date "2014.09.12"]
[Round "14.4"]
[White "Zeng, Chongsheng"]
[Black "Wang, Chen"]
[Result "1/2-1/2"]
[WhiteTitle "GM"]
[BlackTitle "IM"]
[WhiteElo "2540"]
[BlackElo "2508"]
[WhiteTeam "Guangdong"]
[BlackTeam "Chongqing"]
[WhiteFideId "8603847"]
[BlackFideId "8601020"]
[EventDate "2014.04.12"]

1. b3 b6 2. Bb2 Bb7 3. Nf3 Nf6 4. c4 e6 5. g3 Be7 6. Bg2 c5 7. O-O O-O 8. Nc3 d5
9. e3 Re8 10. Qe2 Bf8 11. Rad1 e5 12. cxd5 Nxd5 13. Ng5 Nxc3 14. dxc3 Qe7 15.
Ne4 Nd7 16. c4 Red8 17. Nc3 Nf6 18. Bxb7 Qxb7 19. e4 Qc7 20. Rde1 Qd7 21. Kg2
Qd2 22. Nd5 Qxe2 23. Rxe2 Nxd5 24. exd5 f6 25. f4 exf4 26. gxf4 Re8 27. Rfe1 Kf7
28. f5 Rxe2+ 29. Rxe2 Re8 30. Re6 Rxe6 31. dxe6+ Ke7 32. Kf3 Kd6 33. Ke4 Kc6 34.
h3 Bd6 35. Bc3 Be7 36. Be1 Bd6 37. Bd2 Bf8 38. Kf3 Bd6 39. Kg4 g6 40. Bc3 Be7
41. h4 a6 42. Kf4 Kd6 43. Ke4 Kc6 44. Be1 Bd6 45. Bc3 Be7 46. Bb2 Kd6 47. Bc1
Kc6 48. Bb2 Kd6 49. a3 a5 50. Bc1 Kc6 51. Bf4 Bd6 52. Bd2 Bf8 53. Bc1 Be7 54.
Bb2 Kd6 55. Ba1 Kc6 56. Bc3 Bd8 57. b4 cxb4 58. axb4 a4 59. Bb2 Be7 60. b5+ Kc7
61. Bd4 a3 62. Bc3 a2 63. Bb2 Kd6 64. Ba3+ Kc7 65. Bb2 Kd6 66. Ba3+ 1/2-1/2

[Event "TCh-CHN Division A 2014"]
[Site "Jiaxing CHN"]
[Date "2014.09.12"]
[Round "14.4"]
[White "Li, Shilong"]
[Black "Zvjaginsev, Vadim"]
[Result "1/2-1/2"]
[WhiteTitle "GM"]
[BlackTitle "GM"]
[WhiteElo "2495"]
[BlackElo "2655"]
[WhiteTeam "Guangdong"]
[BlackTeam "Chongqing"]
[WhiteFideId "8600678"]
[BlackFideId "4113403"]
[EventDate "2014.04.12"]

1. d4 Nf6 2. c4 c5 3. d5 b5 4. cxb5 a6 5. bxa6 g6 6. Nc3 Bxa6 7. e4 Bxf1 8. Kxf1
d6 9. Nf3 Bg7 10. g3 O-O 11. Kg2 Na6 12. Qe2 Qb6 13. Rd1 Qb7 14. Rb1 Ng4 15. Bf4
Nc7 16. e5 Rfd8 17. exd6 exd6 18. Qc4 Qa6 19. Qxa6 Rxa6 20. Rd2 h6 21. h3 Nf6
22. b4 Ra3 23. Rc2 cxb4 24. Rxb4 Nfxd5 25. Nxd5 Nxd5 26. Rb7 Rda8 27. Bxd6 Rxa2
28. Rxa2 Rxa2 29. Bc5 Rc2 30. Ba7 Rc7 1/2-1/2

[Event "TCh-CHN Division A 2014"]
[Site "Jiaxing CHN"]
[Date "2014.09.12"]
[Round "14.4"]
[White "Huang, Qian"]
[Black "Li, Xueyi"]
[Result "1-0"]
[WhiteTitle "WGM"]
[WhiteElo "2464"]
[BlackElo "2193"]
[WhiteTeam "Chongqing"]
[BlackTeam "Guangdong"]
[WhiteFideId "8602689"]
[BlackFideId "8605912"]
[EventDate "2014.04.12"]

1. g3 d5 2. Nf3 Nf6 3. Bg2 c6 4. b3 Bg4 5. Bb2 Nbd7 6. d3 Qc7 7. h3 Bh5 8. Nbd2
e5 9. e4 Bd6 10. O-O O-O 11. Qe1 dxe4 12. dxe4 Rfe8 13. Nh4 Rad8 14. a3 Bf8 15.
Kh1 Nc5 16. Qe3 Nfd7 17. f4 exf4 18. gxf4 f6 19. Rae1 Ne6 20. e5 Bc5 21. Qg3
fxe5 22. f5 Nef8 23. Ne4 Kh8 24. Qg5 Bf7 25. Nxc5 1-0

[Event "TCh-CHN Division A 2014"]
[Site "Jiaxing CHN"]
[Date "2014.09.12"]
[Round "14.5"]
[White "Yang, Yingxia"]
[Black "Ren, Xiaoyi"]
[Result "1-0"]
[WhiteElo "1827"]
[BlackElo "2130"]
[WhiteTeam "Qingdao Qingwei"]
[BlackTeam "Chengdu"]
[WhiteFideId "8609837"]
[BlackFideId "8608709"]
[EventDate "2014.04.12"]

1. d4 Nf6 2. c4 g6 3. Nc3 d5 4. cxd5 Nxd5 5. e4 Nxc3 6. bxc3 Bg7 7. Be3 c5 8.
Bc4 O-O 9. Ne2 Nc6 10. O-O Na5 11. Bb3 c4 12. Bc2 b5 13. Qd2 Re8 14. e5 Bb7 15.
Ng3 f5 16. h4 e6 17. h5 Nc6 18. Rab1 Qd5 19. f3 a5 20. Ne2 Ne7 21. Bg5 Qd7 22.
Bxe7 Rxe7 23. hxg6 Bxe5 24. Qg5 Bg7 25. gxh7+ Kxh7 26. Rxb5 Bh6 27. Qh4 Rg7 28.
Rb6 Bc6 29. Kf2 Rag8 30. g4 Rg6 31. Nf4 Qc7 32. Nxg6 Qxb6 33. Rb1 Qc7 34. Ne5
Bd5 35. Rh1 Qg7 36. Nf7 Kg6 37. Nxh6 1-0

[Event "TCh-CHN Division A 2014"]
[Site "Jiaxing CHN"]
[Date "2014.09.12"]
[Round "14.5"]
[White "Gao, Hanxue"]
[Black "Li, Yunshan"]
[Result "0-1"]
[BlackTitle "WFM"]
[WhiteElo "1766"]
[BlackElo "1951"]
[WhiteTeam "Qingdao Qingwei"]
[BlackTeam "Chengdu"]
[WhiteFideId "8608873"]
[BlackFideId "8607664"]
[EventDate "2014.04.12"]

1. b3 d5 2. Bb2 Nf6 3. Nf3 c6 4. g3 Bf5 5. Bg2 h6 6. O-O Nbd7 7. d3 e6 8. c4 Be7
9. Nc3 O-O 10. d4 Qb8 11. e3 b5 12. cxb5 cxb5 13. Qe2 a6 14. Nd2 b4 15. Nd1 Qb5
16. Qxb5 axb5 17. Re1 Ra7 18. e4 dxe4 19. Nxe4 Bxe4 20. Bxe4 Nxe4 21. Rxe4 Nf6
22. Re5 Nd5 23. Re2 Rfa8 24. Bc1 Nc3 25. Nxc3 bxc3 26. Be3 Ra3 27. Rc1 b4 28.
Rcc2 R3a5 29. Kg2 Bf6 30. Kf3 Rd5 31. Ke4 Rad8 32. Re1 Bxd4 33. Rd1 f5+ 34. Kf3
e5 35. Ke2 Bxe3 36. Rxd5 Rxd5 37. Kxe3 e4 38. Ke2 Rd3 39. Ke1 g5 40. Ke2 f4 41.
Ke1 f3 42. Rc1 Rd2 43. Ra1 e3 44. fxe3 Rxh2 0-1

[Event "TCh-CHN Division A 2014"]
[Site "Jiaxing CHN"]
[Date "2014.09.12"]
[Round "14.5"]
[White "Li, Di"]
[Black "Zhou, Jiangnan"]
[Result "1/2-1/2"]
[WhiteTitle "FM"]
[WhiteElo "2209"]
[BlackElo "2100"]
[WhiteTeam "Chengdu"]
[BlackTeam "Qingdao Qingwei"]
[WhiteFideId "8607508"]
[BlackFideId "8609918"]
[EventDate "2014.04.12"]

1. d4 d6 2. e4 Nf6 3. Bd3 e5 4. c3 Be7 5. Nf3 Nbd7 6. O-O O-O 7. Re1 c6 8. h3
Qc7 9. a4 b6 10. Nbd2 Bb7 11. Nc4 Rfe8 12. dxe5 dxe5 13. Qc2 Bf8 14. Bf1 a6 15.
Ne3 c5 16. Bc4 b5 17. axb5 axb5 18. Rxa8 Rxa8 19. Bxb5 Bxe4 20. Qe2 Qb7 21. Ng4
Ra1 22. Bc4 Bxf3 23. Nxf6+ Nxf6 24. Qxf3 Qxf3 25. gxf3 g6 26. Kf1 Nh5 27. Bd2
Rxe1+ 28. Kxe1 Nf4 29. Bxf4 exf4 30. Ke2 Be7 31. Kd3 Bh4 32. Ke4 Bxf2 33. Kxf4
Kf8 34. Ke5 Ke7 35. Bd3 h5 36. Bc4 Be3 37. b4 cxb4 38. cxb4 Bf2 39. b5 Be3 40.
Kd5 Bf2 41. Kc6 f5 42. b6 g5 43. Be2 Bg3 44. Kd5 Kd7 45. Bd3 Kc8 46. Kc6 h4 1/2-1/2

[Event "TCh-CHN Division A 2014"]
[Site "Jiaxing CHN"]
[Date "2014.09.12"]
[Round "14.5"]
[White "Liu, Guanchu"]
[Black "Li, Wenxiang"]
[Result "1-0"]
[WhiteTitle "IM"]
[WhiteElo "2409"]
[BlackElo "1846"]
[WhiteTeam "Chengdu"]
[BlackTeam "Qingdao Qingwei"]
[WhiteFideId "8603901"]
[BlackFideId "8609748"]
[EventDate "2014.04.12"]

1. e4 c6 2. d4 d5 3. e5 Bf5 4. Nd2 e6 5. Nb3 Nd7 6. Nf3 a6 7. Be2 Qc7 8. O-O Ne7
9. Bd2 c5 10. dxc5 Nxc5 11. Nbd4 Be4 12. b4 Nd7 13. b5 Nf5 14. Nxf5 Bxf5 15.
bxa6 bxa6 16. c4 dxc4 17. Qa4 Bc5 18. Ba5 Qb7 19. Qxc4 O-O 20. Rad1 Rfc8 21. Qh4
Nf8 22. Rd2 Be4 23. Rfd1 Bd5 24. Qg3 Rab8 25. h4 Qc6 26. Nd4 Qa4 27. Bc3 Bxd4
28. Bxd4 Rc2 29. Be3 Rxd2 30. Rxd2 Qa3 31. Kh2 a5 32. h5 Rb2 33. Rxb2 Qxb2 34.
Bh6 g6 35. Qe3 Nd7 36. Bf4 Qb6 37. Qg3 Qd4 38. a3 Qe4 39. Bd3 Qd4 40. Bb5 Nf8
41. h6 Qc5 42. a4 Qe7 43. Qg5 f6 44. Qxf6 Qxf6 45. exf6 Kf7 46. Bd6 g5 47. Bc7
Kxf6 48. Bxa5 e5 49. Bb6 Ne6 50. a5 Ba8 51. a6 Nf4 52. Bd7 Nd5 53. Bd8+ Kg6 54.
Bc8 Bc6 55. Bb7 Nb4 56. Bxc6 Nxc6 57. Bb6 Kxh6 58. a7 Nxa7 59. Bxa7 Kg6 60. g4 1-0

[Event "TCh-CHN Division A 2014"]
[Site "Jiaxing CHN"]
[Date "2014.09.12"]
[Round "14.5"]
[White "Xu, Xiangyu CHN"]
[Black "Fang, Yuxiang"]
[Result "1/2-1/2"]
[WhiteElo "2277"]
[BlackElo "2324"]
[WhiteTeam "Chengdu"]
[BlackTeam "Qingdao Qingwei"]
[WhiteFideId "8608288"]
[BlackFideId "8605840"]
[EventDate "2014.04.12"]

1. f4 d5 2. g3 g6 3. Nf3 Bg7 4. Bg2 Nh6 5. c3 c5 6. d3 Nc6 7. O-O d4 8. Bd2 O-O
9. Na3 Be6 10. Nc2 Qb6 11. c4 Qxb2 12. Rb1 Qxa2 13. Ra1 Qb3 14. Rb1 Qa4 15. Ra1
Qb3 16. Rb1 Qa2 17. Ra1 Qb3 18. Rb1 Qa4 19. Ra1 Qb3 20. Rb1 1/2-1/2

[Event "TCh-CHN Division A 2014"]
[Site "Jiaxing CHN"]
[Date "2014.09.12"]
[Round "14.6"]
[White "Qiu, Mengjie"]
[Black "Lei, Tingjie"]
[Result "0-1"]
[WhiteTitle "WFM"]
[BlackTitle "WGM"]
[WhiteElo "2126"]
[BlackElo "2421"]
[WhiteTeam "Zhejiang"]
[BlackTeam "Qingdao Experimental School"]
[WhiteFideId "8606137"]
[BlackFideId "8605114"]
[EventDate "2014.04.12"]

1. e4 c5 2. Nf3 e6 3. d4 cxd4 4. Nxd4 Nc6 5. Nc3 Qc7 6. Be3 a6 7. Be2 b5 8. Nxc6
Qxc6 9. Bf3 Qc7 10. O-O Bb7 11. Re1 Rc8 12. Rc1 Bb4 13. Qd3 Bxc3 14. bxc3 Ne7
15. Rcd1 d5 16. Bd4 O-O 17. exd5 Bxd5 18. Bxd5 Nxd5 19. Re5 Nf4 20. Qf3 Ng6 21.
Rc5 Qe7 22. Rc6 Qb7 23. Rxc8 Qxc8 24. h3 Qc4 25. a3 Qc7 26. Qe3 Rd8 27. Ra1 Qc6
28. Qg3 f6 29. Qe3 e5 30. Bb6 Nf4 31. f3 Rd6 32. Ba5 Qd7 33. Rf1 Rd2 34. Rf2
Rxc2 35. Kh2 Rxf2 36. Qxf2 h5 37. h4 Qd3 38. g3 Nd5 0-1

[Event "TCh-CHN Division A 2014"]
[Site "Jiaxing CHN"]
[Date "2014.09.12"]
[Round "14.6"]
[White "Ding, Yixin"]
[Black "Gong, Qianyun"]
[Result "1/2-1/2"]
[WhiteTitle "WGM"]
[BlackTitle "WIM"]
[WhiteElo "2440"]
[BlackElo "2349"]
[WhiteTeam "Zhejiang"]
[BlackTeam "Qingdao Experimental School"]
[WhiteFideId "8602972"]
[BlackFideId "8602425"]
[EventDate "2014.04.12"]

1. Nf3 c5 2. e4 g6 3. d4 cxd4 4. Nxd4 Nc6 5. c4 Nf6 6. Nc3 d6 7. Nc2 Bg7 8. Be2
O-O 9. O-O Be6 10. Rb1 Nd7 11. Be3 f5 12. exf5 gxf5 13. Nd4 Nxd4 14. Bxd4 Nf6
15. Qd2 Bf7 16. Be3 Ne4 17. Nxe4 fxe4 18. Bh6 Bxh6 19. Qxh6 Qa5 20. f3 Bg6 21.
fxe4 Qb6+ 22. Kh1 Rxf1+ 23. Rxf1 Qxb2 24. Bg4 Qe5 25. Bf5 Bxf5 26. exf5 Rf8 27.
Qg5+ Kh8 28. h3 e6 29. Qe7 Rxf5 30. Rxf5 Qxf5 31. Qxd6 Kg7 32. Qd7+ Kg6 33. Qxb7
Qf1+ 34. Kh2 Qf4+ 35. g3 Qxc4 36. Qxa7 Qe2+ 37. Kg1 Qe1+ 38. Kg2 Qe4+ 39. Kf2
Qf5+ 40. Ke2 Qc2+ 41. Kf1 Qd1+ 42. Kg2 Qd5+ 1/2-1/2

[Event "TCh-CHN Division A 2014"]
[Site "Jiaxing CHN"]
[Date "2014.09.12"]
[Round "14.6"]
[White "Xu, Zhihang"]
[Black "Lu, Shanglei"]
[Result "1/2-1/2"]
[BlackTitle "GM"]
[WhiteElo "2119"]
[BlackElo "2566"]
[WhiteTeam "Qingdao Experimental School"]
[BlackTeam "Zhejiang"]
[WhiteFideId "8611572"]
[BlackFideId "8603332"]
[EventDate "2014.04.12"]

1. Nf3 g6 2. d4 Bg7 3. g3 f5 4. Bg2 Nf6 5. O-O O-O 6. c4 d6 7. Nc3 c6 8. d5 e5
9. dxe6 Bxe6 10. Bf4 Bxc4 11. Qxd6 Qxd6 12. Bxd6 Re8 13. Ne5 Ba6 14. Rfd1 Nbd7
15. f4 Nb6 16. Bf3 Nfd7 17. Nxd7 Nxd7 18. Kf2 Nb6 19. Rac1 Nc4 20. b3 Nb2 21.
Rd2 Rad8 22. Rxb2 Rxd6 23. Rbc2 Bd4+ 24. Ke1 Bd3 25. Rd2 Be4 26. Bxe4 fxe4 27.
Nd1 Red8 28. Rcc2 Rd5 29. e3 Bb6 30. Rxd5 cxd5 31. Ke2 Kf7 32. Nb2 Ke6 33. Na4
Kd6 34. Nc3 a6 35. Rd2 Ke6 36. Na4 Ba7 37. Rc2 Kd6 38. Nc3 Rd7 39. Rd2 Ke6 40.
b4 b5 41. a4 bxa4 42. Nxa4 d4 43. exd4 Rxd4 44. Ra2 Rxb4 45. Nc3 Bb6 46. Rxa6
Kf5 47. Ra2 Rb3 48. Rc2 Kg4 49. Nd5 Ba7 50. Ra2 Bc5 51. Rc2 Ba7 52. Ra2 Bd4 53.
Rd2 Bh8 54. Ne3+ Kh3 55. Rd7 h5 56. f5 Rb2+ 57. Kd1 gxf5 58. Rh7 Kxh2 59. Rxh8
Kxg3 60. Nxf5+ Kg4 61. Nd6 Rb4 62. Ke2 Kf4 63. Rxh5 Rb2+ 64. Ke1 Rb1+ 65. Ke2
Rb2+ 66. Ke1 Rb1+ 1/2-1/2